000 00639nam a2200205Ii 4500
003 JO-AjNU
008 230605s9999||||xx |||||||||||||| ||und||
040 _aJO-AjNU
_bara
_erda
_cJO-AjNU
041 _aara
050 1 4 _aPR4731.K512 1988
100 3 _aترجمة تويج، محمد باقر,
_eauthor
_914333
245 0 0 _aكنوز الملك سليمان
250 _aط2
264 3 1 _aبغداد: وزارة الثقافة، 1988
300 _a151ص
336 _atext
_btxt
_2rdacontent
337 _aunmediated
_bn
_2rdamedia
338 _avolume
_bnc
_2rdacarrier
650 4 _aالأدب العربي - ترجمة - قصص
_914334
999 _aA3797
_c7365
_d7365